000 00471nam a2200169Ia 4500
008 230917s9999||||xx |||||||||||||| ||und||
020 _cRS1595
040 _e251632
_aMAIN
041 _aEnglish
082 _a327.54058 S23I
100 _aSharma, L K
245 0 _aIndia's new 'Connect central Asia' policy
260 _aNew Delhi
_bSurendra Publications
_c2017
300 _aviii, 260 p.
500 _a3328 27/11/2018 RBP18/73086 13/12/2018 Main Budget
942 _cBK
999 _c29010
_d29010